| 000 | 00344nam a2200109Ia 4500 | ||
|---|---|---|---|
| 008 | 200302s9999 xx 000 0 und d | ||
| 100 | _aIrene A. Kreis and Others | ||
| 245 | _aEssential of Environmental epidemiology for health protection A Handbook for field Professionalas | ||
| 260 | _bOxford University press | ||
| 260 | _c2013 | ||
| 300 | _a275 | ||
| 999 |
_c7232 _d7232 |
||